Normal view
MARC view
- Hogwarts School of Witchcraft and Wizardry (Imaginary organization)
Entry Topical Term
001 - CONTROL NUMBER
- control field: 11313
003 - CONTROL NUMBER IDENTIFIER
- control field: NUST
005 - DATE AND TIME OF LATEST TRANSACTION
- control field: 20180628043141.0
008 - FIXED-LENGTH DATA ELEMENTS
- fixed length control field: 180628|| aca||aabn | a|a d
040 ## - CATALOGING SOURCE
- Original cataloging agency: NUST
- Transcribing agency: NUST
150 ## - HEADING--TOPICAL TERM
- Topical term or geographic name entry element: Hogwarts School of Witchcraft and Wizardry (Imaginary organization)
- Form subdivision: Juvenile fiction.
670 ## - SOURCE DATA FOUND
- Source citation: Work cat.: (NUST)234515: Rowling, J. K. 11309, Harry Potter and the sorcerer's stone /, 1997.
